ბათუმის შოთა რუსთაველის სახელმწიფო უნივერსიტეტის ბიბლიოთეკა

სახელმძღვ. / (ბიბ.ჩანაწერი № 34750)

000 -ლიდერი
ფიქსირებული სიგრძის საკონტროლო ველი 01232nam a2200277Ia 4500
001 - საკონტროლო ნომერი
საკონტროლო ველი 548
003 - საკონტროლო ნომრის იდენტიფიკატორი
საკონტროლო ველი GE_BSU
005 - ბოლო ოპერაციის თარიღი და დრო
საკონტროლო ველი 20260421101117.0
008 - ფიქსირებული სიგრძის მონაცემთა ელემენტები - ზოგადი ინფორმაცია
ფიქსირებული სიგრძის საკონტროლო ველი 181216s1999||||ge |||||||||||||| ||geo||
020 ## - წიგნის საერთაშორისო სტანდარტული ნომერი
International Standard Book Number 9992818085
040 ## - კატალოგიზაციის წყარო
Transcribing agency GE_BSU
041 ## - ენის კოდი
Language code of text/sound track or separate title geo
080 ## - უნივერსალური ათობითი კლასიფიკაციის ინდექსი
Universal Decimal Classification number 006.9(075.8)+006(075.8)+519.21(075.8)+658.562(075.8) ზ–44
100 ## - მთავარი ჩანაწერი - პიროვნების სახელი
Personal name ზედგინიძე, ი
9 (RLIN) 6240
245 ## - ცნობა სათაურის შესახებ
Remainder of title მეტროლოგიის, სტანდარტიზაციის და ხარისხის მართვის ალბათური საფუძვლები :
Title სახელმძღვ. /
Statement of responsibility, etc ი. ზედგინიძე; სტუ.
264 ## - წარმოების, გამოცემის, დისტრიბუციის და სხვა ცნობები
გამოცემის, წარმოების, დისტრიბუციის... ადგილი თბილისი :
გამოცემის, წარმოების, დისტრიბუციის... სახელწოდება ტექნ. უნ-ტი-"ინფორმატიზაციის ცენტრი",
გამოცემის, წარმოების, დისტრიბუციის... თარიღი 1999.
300 ## - ფიზიკური აღწერა
Extent 128გვ. :
Other physical details ნახ. ;
Dimensions 20სმ.
504 ## - BIBLIOGRAPHY, ETC. NOTE
Bibliography, etc ბიბლიოგრ.: გვ. 123.
653 ## - INDEX TERM--UNCONTROLLED
Uncontrolled term მეტროლოგია.
653 ## - INDEX TERM--UNCONTROLLED
Uncontrolled term ხარისხის მართვა
653 ## - INDEX TERM--UNCONTROLLED
Uncontrolled term სტანდარტიზაცია
653 ## - INDEX TERM--UNCONTROLLED
Uncontrolled term ალბათობის თეორია
710 ## - ADDED ENTRY--CORPORATE NAME
Corporate name or jurisdiction name as entry element სტუ.
9 (RLIN) 27336
942 ## - ADDED ENTRY ELEMENTS (KOHA)
Koha item type წიგნი
Source of classification or shelving scheme
ეგზემპლარები
ჩამოწერის სტატუსი დაკარგული ეგზემპლარის სტატუსი კლასიფიკაციის წყარო ან თაროზე გაწყობის სქემა დაზიანების სტატუსი არ გაიცემა მუდმივი მდებარეობა (დაცვის ადგილი) ამჟამინდელი ადგილსამყოფელი თაროზე განთავსების ადგილი შეძენის თარიღი ღირებულება, შესყიდვის ნორმალური ფასი სრული შენახვის შიფრი შტრიხკოდი ბოლო ოპერაციის თარიღი ეგზემპლარის მიმდევრობითი ნომერი (კეტერი?) ფასის ძალაში შესვლის თარიღი ეგზემპლარის სახეობა საჯარო შენიშვნა
          ბათუმის შოთა რუსთაველის სახელმწიფო უნივერსიტეტის მთავარი ბიბლიოთეკა ბათუმის შოთა რუსთაველის სახელმწიფო უნივერსიტეტის მთავარი ბიბლიოთეკა წიგნსაცავი 2018-12-17 5.00 006.9(075.8)+006(075.8)+519.21(075.8)+658.562(075.8) ზ–44 827 2018-12-17 827 2018-12-17 წიგნი 5 ლ.